000 01158nam a2200265 a 4500
001 000031221
003 OSt
005 20211207131631.0
008 100407s1951 sp b r 000 0 spa d
040 _aDO-SdBNP
_bspa
_cBNPHU
082 7 4 _a972.9402
_bP349i
_222
100 1 _aPeña Batlle, Manuel Arturo
_923316
245 1 3 _aLa isla de la Tortuga :
_bplaza de armas, refugio seminario de los enemigos de España en Indias /
_cManuel Arturo Peña Batlle ; prólogo D. Manuel Aznar.
260 _aMadrid :
_bEdiciones Cultura Hispánica,
_c1951.
300 _a267 p. :
_bmap. ;
_c23 cm.
500 _aEstudio de algunas de las causas primeras y más importantes que determinaron la declinación del imperio español en América
504 _aIncluye referencias bibliográficas y notas al pie de las páginas
590 _aInventariado, 2019/BT
651 0 _aTorturga, Isla (Haití)
_946300
651 4 _aEspaña
_xColonias
_zAméricas
_xHistoria
_946301
651 4 _aIsla Española (Haiti Y República Dominicana{Rpara}
_xHistoria
_938883
700 1 2 _aAznar, D. Manuel,
_epról.
_938884
910 _aValidado. Control de calidad. MFF
942 _2ddc
_cLBS1
999 _c30713
_d30713